| 000 | 00484nam a2200193Ia 4500 | ||
|---|---|---|---|
| 005 | 20240823053718.0 | ||
| 008 | 240823s9999||||xx |||||||||||||| ||und|| | ||
| 020 | _a0-07-022989-9 | ||
| 041 | _aENGLISH | ||
| 082 | _A025.524 M3 | ||
| 100 | _aJean Key Gates | ||
| 245 | 0 | _aGuide to the Use of Libraries and Information Sources | |
| 250 | _a5th | ||
| 260 |
_c1983 _bMcgraw Hill Book Co |
||
| 500 | _aYES | ||
| 650 |
_aUse of Libraries _bGeneral |
||
| 942 | _cBK | ||
| 999 |
_c224778 _d224778 |
||